La teoría de los salarios (Registro nro. 4574)

Detalles MARC
000 -LEADER
fixed length control field 01252 a2200229 4500
001 - CONTROL NUMBER
control field 48364
005 - DATE AND TIME OF LATEST TRANSACTION
control field 20260407155748.0
008 - FIXED-LENGTH DATA ELEMENTS--GENERAL INFORMATION
fixed length control field 260407a1973 arg spa d
003 - CONTROL NUMBER IDENTIFIER
control field AR-UNSa-BCEJYS
040 ## - CATALOGING SOURCE
Original cataloging agency AR-UNSa-BCEJYS
Language of cataloging spa
Transcribing agency AR-UNSa-BCEJYS
080 ## - UNIVERSAL DECIMAL CLASSIFICATION NUMBER
Universal Decimal Classification number 331.2
Common auxiliary subdivision Salarios. Sueldos. Remuneraciones
020 ## - INTERNATIONAL STANDARD BOOK NUMBER
International Standard Book Number 978-84-335-3328-9
100 1# - MAIN ENTRY--PERSONAL NAME
Personal name Hicks, John Richard
245 10 - TITLE STATEMENT
Title La teoría de los salarios
264 #1 - PRODUCTION, PUBLICATION, DISTRIBUTION, MANUFACTURE, AND COPYRIGHT NOTICE
Place of production, publication, distribution, manufacture Barcelona :
Name of producer, publisher, distributor, manufacturer Labor
Date of production, publication, distribution, manufacture, or copyright notice 1973
300 ## - PHYSICAL DESCRIPTION
Extent 297 p.
Dimensions 22 cm.
505 ## - FORMATTED CONTENTS NOTE
Formatted contents note Primera Parte: Texto: 1. La productividad marginal y la demanda del trabajo - 2. La continuidad y las diferencias industriales - 3. El paro - 4. El funcionamiento de la competencia - 5. La oferta individual de mano de obra - 6. Distribución y progreso económico -- Segunda Parte: La regulación de los salarios: 7. La teoría de los conflictos industriales - 8. El crecimiento del poder de los sindicatos - 9. La regulación de los salarios y el paro - 10. Ulteriores consecuencias de los salarios - 11. Horario y condiciones de trabajo.
590 ## - LOCAL NOTE (RLIN)
Local note niveau_biblio:m niveau_hierar:0
700 1# - ADDED ENTRY--PERSONAL NAME
Personal name Pedrós Abelló, Alejandro
856 41 - ELECTRONIC LOCATION AND ACCESS
Uniform Resource Identifier <a href="https://www.biblioeco.unsa.edu.ar/pmb/images/libros/L13458.jpg">https://www.biblioeco.unsa.edu.ar/pmb/images/libros/L13458.jpg</a>
Link text Imagen de portada
Electronic format type image/jpeg
942 ## - ADDED ENTRY ELEMENTS (KOHA)
Koha item type
Existencias
Withdrawn status Lost status Damaged status Not for loan Home library Current library Shelving location Date acquired Total checkouts Full call number Barcode Date last seen Price effective from Koha item type
        Biblioteca Prof. Eusebio Cleto del Rey Biblioteca Prof. Eusebio Cleto del Rey   07/04/2026   331.2 H631 L13458 07/04/2026 07/04/2026 Libro
        Biblioteca Prof. Eusebio Cleto del Rey Biblioteca Prof. Eusebio Cleto del Rey   07/04/2026   331.2 H631 L26711 07/04/2026 07/04/2026 Libro